Statistiques concernant Culture Générale - Série 2454

Cliquez ici pour prendre le quiz!

Statistiques générales

  • Ce quiz a été pris 148 fois
  • Le résultat moyen est 5 sur 10

Statistiques - réponses

QuestionRéponse% Correct
Dans quel pays ont lieu la plus grande partie des tornades dans le monde ( environ 75 % ) ?Etats Unis
87%
Quelle est la capitale de la Bosnie-Herzégovine ?Sarajevo
85%
Quel philosophe né en 551 av. J.-C est considéré comme la sagesse de la Chine ?Confucius
70%
Quelle était la nationalité de l'artiste peintre Frida Kahlo (1907-1954) ?mexicaine
66%
Dans quel pays se situe le mausolée d'Halicarnasse, considéré comme la 5° merveille du monde ? voir photoTurquie
57%
Dans quelle partie du corps humain trouve-t-on des kératinocytes et des mélanocytes ?peau
44%
Les chutes du Trümmelbach sont les seules cascades glaciaires souterraines du monde à être accessibles par un ascenseur, des galeries,des tunnels. Dans quel pays se trouvent-elles ?Suisse
42%
Quelle est la capitale d’Antigua-et-Barbuda ?Saint John’s
30%
Phase d'une partie de pétanque qui se termine lorsque les deux équipes ont joué toutes leurs boules ou lorsque le but vient à se perdre.mène
11%
A quel archipel fait partie l’atoll d’Aldabra, une réserve de tortues géantes ?Seychelles
8%

Distribution des résultats

Percentile par nombre de réponses

% des personnes avec chaque résultat

Votre développement - résultats

Vous n’avez pas pris ce quiz